[Event "Copenhagen Chess Challenge IM 2025"]
[Site "Ballerup"]
[Date "2025.07.27"]
[Round "9.10"]
[White "Ramsdal, Jens Albert"]
[Black "Falkesgaard, Jeppe Hald"]
[Result "1/2-1/2"]
[WhiteElo "2325"]
[BlackElo "2309"]
[EventDate "2025.07.23"]
[EventType "tourn"]
[EventRounds "9"]
[EventCountry "DEN"]
[SourceTitle "Live v. Michael Andersen"]

1. d4 d5 2. c4 c6 3. Nf3 Nf6 4. Nc3 e6 5. Bg5 Nbd7 6. e3 Qa5 7. cxd5 Nxd5 8. Qd2 Bb4 9. Rc1 Nxc3 10. bxc3 Ba3 11. Rb1 b6 12. Qd3 O-O 13. Be2 Re8 14. Bf4 Bf8 15. O-O Bb7 16. Nd2 Qf5 17. Qxf5 exf5 18. Bd3 g6 19. a4 Nf6 20. Rb3 Bc8 21. a5 Be6 22. c4 bxa5 23. Ra1 Bb4 24. Nf3 Rac8 25. Rbb1 Ne4 26. c5 Nc3 27. Rc1 a4 28. Ba6 Rcd8 29. Ne5 Bd5 30. Kf1 f6 31. Nd3 Ba5 32. Nb2 Bb3 33. Nc4 Bb4 34. Bc7 Rd7 35. Ba5 Nd5 36. Bxb4 Nxb4 37. Nd2 f4 38. Bc4+ Kg7 39. Nxb3 axb3 40. Rab1 fxe3 41. Rxb3 e2+ 42. Bxe2 Rxd4 43. Ra1 Re7 44. Bf3 Kh6 45. g3 Re5 46. Ra4 Rf5 47. Rbxb4 Rxb4 48. Rxb4 Rxf3 49. Rh4+ Kg5 50. Rxh7 Rc3 51. Rxa7 Rxc5 52. Rc7 Rc2 53. Kg2 Kf5 54. h4 c5 55. Kh3 Rc3 56. Rc6 g5 57. h5 g4+ 58. Kg2 Kg5 59. h6 Kxh6 60. Rxf6+ Kg5 61. Rf4 Rc1 62. Rf8 c4 63. Rf4 c3 64. Rc4 c2 65. Rc8 Kf5 66. Rc7 Ke5 1/2-1/2